Statistiques concernant Monster Hunter - Tous les types D'armes

Cliquez ici pour prendre le quiz!

Statistiques générales

  • Ce quiz a été pris 31 fois
  • Le résultat moyen est 10 sur 14

Statistiques - réponses

Réponse% Correct
Lance
100%
Arc
96%
L'Épée Longue
96%
Épée + Bouclier
92%
Marteau
92%
Grande Épée
88%
Volto Hache
88%
Corne de Chasse
85%
Morpho Hache
85%
Insecto Glaive
81%
Double Lames
73%
Lance Canon
69%
Arbalète Légère
0%
Arbalète Lourde
0%

Distribution des résultats

Percentile par nombre de réponses

% des personnes avec chaque résultat

Votre développement - résultats

Vous n’avez pas pris ce quiz